Don't miss the connection for HS2 compensation (Record no. 84412)

MARC details
000 -LEADER
fixed length control field 00944cab a22002175a 4500
001 - CONTROL NUMBER
control field L157564
008 - FIXED-LENGTH DATA ELEMENTS--GENERAL INFORMATION
fixed length control field 130121e20130119xxk 000 0 eng d
035 ## - SYSTEM CONTROL NUMBER
System control number (Sirsi) u157564
041 0# - LANGUAGE CODE
Language code of text/sound track or separate title eng
100 1# - MAIN ENTRY--PERSONAL NAME
Personal name Dowden, Malcolm
245 00 - TITLE STATEMENT
Title Don't miss the connection for HS2 compensation
260 ## - PUBLICATION, DISTRIBUTION, ETC.
Date of publication, distribution, etc. 2013
490 ## - SERIES STATEMENT
Series statement Estates Gazette
Volume/sequential designation (1303) 19 January 2013, 81(1)
520 ## - SUMMARY, ETC.
Summary, etc. Explains compensation proposals for properties affected by the planned HS2 high speed rail network. Warns that any enhanced provisions will not apply to owner occupiers of business premises with a rateable value above £34 800 or the landlord or tenant of commercially let premises large or small. In these cases the minimum statutory provisions for compulsory purchase would apply.
590 ## - LOCAL NOTE (RLIN)
Local note KA
651 #4 - SUBJECT ADDED ENTRY--GEOGRAPHIC NAME
Geographic name United Kingdom
690 ## - LOCAL SUBJECT ADDED ENTRY--TOPICAL TERM (OCLC, RLIN)
Topical term or geographic name as entry element Compulsory purchase
9 (RLIN) 6228
690 ## - LOCAL SUBJECT ADDED ENTRY--TOPICAL TERM (OCLC, RLIN)
Topical term or geographic name as entry element Infrastructure
9 (RLIN) 6246
690 ## - LOCAL SUBJECT ADDED ENTRY--TOPICAL TERM (OCLC, RLIN)
Topical term or geographic name as entry element Environment
9 (RLIN) 6238
942 ## - ADDED ENTRY ELEMENTS (KOHA)
Suppress in OPAC 0
Source of classification or shelving scheme Dewey Decimal Classification
Holdings
Withdrawn status Lost status Source of classification or shelving scheme Damaged status Not for loan Home library Current library Shelving location Date acquired Total Checkouts Full call number Barcode Date last seen Copy number Price effective from Koha item type
    Dewey Decimal Classification     London London Journal article 21/01/2013   L157564 157564-1001 06/08/2019 1 06/08/2019 Journal article